La concesión de personalidad jurídica a las corporaciones y fundaciones

Saved in:
Bibliografiske detaljer
Hovedforfatter: Gutiérrez Albornoz, Javier (Author)
Format: Bog
Sprog:spansk
Udgivet: Santiago Jurídica de Chile 1963
Serier:Seminario de Derecho Privado, 10
Fag:
Tags: Tilføj Tag
Ingen Tags, Vær først til at tagge denne postø!

MARC

LEADER 00000nam a2200000 a 4500
001 UCS1287
003 CL-VaPUC
008 970509e19630000CL |||||||||||||||||spa|d
082 0 4 |a 346.06  |b GUT  |2 21 
100 |a Gutiérrez Albornoz, Javier  |e author  |9 748528 
245 1 3 |a La concesión de personalidad jurídica a las corporaciones y fundaciones 
300 |a 158 p 
942 |c BK 
945 |d 19970509 00:00:00  |a paguirre 
260 |a Santiago  |b Jurídica de Chile  |c 1963 
650 0 |a Personalidad jurídica   |9 315329 
650 0 |a Derecho civil  |9 255013 
650 0 |a Teoría del derecho  |9 255982 
650 0 |a Personas jurídicas  |9 257259 
650 0 |a Códigos  |9 352314 
651 7 |a CHILE  |2 CL-VaPUC  |9 385611 
583 |a last modification  |c 19970509 00:00:00  |k Rodrigo Vera 
490 0 |a Seminario de Derecho Privado, 10 
999 |c 259384  |d 259382 
952 |0 0  |1 0  |4 0  |6 346_060000000000000_GUT_1963  |7 0  |8 A  |9 284087  |a BIBDER  |b BIBDER  |d 2019-11-19  |i 184363K  |l 1  |o 346.06 GUT 1963  |p 184363K  |r 2024-04-09  |s 2024-04-02  |w 2019-11-19  |y BK  |k DER